01076nam0a22002051 4500001001100000005001700011035002600028100004100054101000800095102000700103105001800110200031900128210004000447215004300487300012300530710015100653801001800804801002200822852002600844rc\102814720260407002003.0 a(NLR Aleph) 006192147 a20041129d1981 |||y0rusy50 ca0 arus aRU aa |||||||||1 aБорис Александрович Старчиков, заслуженный художник РСФСРeКарикатура, плакат, рисунок, эстампeКаталог выставкиf[Авт. вступ. статьи: И.М. СеменовgСост. кат.: В.А. Невельсон] aМ.cСов. художникd1981 a[13] с., 6 л. ил.cпортр.d22 aВ надзаг.: Союз художников СССР, Моск. орг. Союза художников РСФСР10aСтарчиков,gБорис АлександровичhВыставка произведенийf1981eМосква3RU\NLR\AUTH\889992464 0aRUbNLRgpsbo 1aRUbELAR2rusmarc aNLRbЭjКП/С774,1